| 000 | 00682nam a2200241 i 4500 | ||
|---|---|---|---|
| 001 | bg | ||
| 100 | 1 | _aPHILIPS, Terry | |
| 245 | 1 | 0 |
_aKey writing skills for CAE / _cTerry Philips & Anna Philips. |
| 260 |
_aLondon : _bMacmillan, _c1994. |
||
| 300 |
_a115 s.,[3] k. luz. : _bfot., rys. ; _c27 cm + _eAswer key. |
||
| 490 | 1 | _aPassport to Key CAE Skills | |
| 650 | 9 | _aJęzyk angielski | |
| 655 | _aPodręczniki akademickie | ||
| 700 | 1 | _aPHILIPS, Anna | |
| 830 | _aPassport to Key CAE Skills | ||
| 020 | _a0333588576 | ||
| 040 | _cBPK | ||
| 041 | 0 | _aen | |
| 080 | _a811.111(075.8) | ||
| 920 | _a0-333-58857-6 | ||
| 942 | _cKS | ||
| 008 | s pl f |000 0 pol | ||
| 999 |
_c34663 _d34663 |
||
| 856 |
_uhttp://koha.tu.koszalin.pl/cgi-bin/koha/opac-detail.pl?biblionumber=34663 _yKatalog online BPK |
||